000 00311nam a2200121Ia 4500
008 220120s9999||||xx |||||||||||||| ||und||
082 _a823 KUM
100 _aKumar, Pradeep
_911886
245 0 _aVedic mathematics
260 _aShree Book Center
_bNew Delhi
300 _aX,516p.;28cm
_b0
650 _aELECTRONICS
999 _c137424
_d137424